| 000 | 00632nam a22002057a 4500 | ||
|---|---|---|---|
| 003 | OSt | ||
| 005 | 20250718063246.0 | ||
| 008 | 250718b |||||||| |||| 00| 0 eng d | ||
| 020 | _a 9789712364907 | ||
| 040 |
_aDWCL-Main lib _cOC |
||
| 082 | _aFil. 338.41 C957p 2013 | ||
| 100 | _aCruz Zenaida, Lansangan | ||
| 245 |
_a Principles of tourism, part 1/ _cZenaida Lansangan Cruz |
||
| 260 |
_aManila : _b Rex Book Store, _cc2013. |
||
| 300 |
_ax, 326 pages : _b illustrations ; _c22 cm. |
||
| 504 | _aIncludes index. | ||
| 650 | _a1. Tourism--Marketing. | ||
| 650 | _a2. Tourism--Philippines. | ||
| 942 |
_2ddc _cBK - FIL _kFil. _n0 |
||
| 999 |
_c3768 _d3768 |
||